Normal view
MARC view
Entry Personal Name
001 - CONTROL NUMBER
- control field: 37294
003 - CONTROL NUMBER IDENTIFIER
- control field: OSt
005 - DATE AND TIME OF LATEST TRANSACTION
- control field: 20230405123804.0
008 - FIXED-LENGTH DATA ELEMENTS
- fixed length control field: 230405|| aca||aabn | a|a d
040 ## - CATALOGING SOURCE
- Original cataloging agency: OSt
- Transcribing agency: OSt
100 ## - HEADING--PERSONAL NAME
- Personal name: Patgiri, Rubul and Gogoi, Dilip
670 ## - SOURCE DATA FOUND
- Source citation: Work cat.: (OSt)521549: Patgiri, Rubul and Gogoi, Dilip , Act east through India’s northeast: Limits of neoliberal strategies towards developing an underdeveloped region
